000 00587cam a22002053a 4500
001 36917
003 PGUSA
005 20140828083816.0
008 110731s2011||||xxu|||||s|||||000 | eng d
040 _aPGUSA
_beng
042 _adc
100 1 _aShackleton, Robert
245 1 4 _aThe Story of Fifty-Seven Cents and Others
_h[electronic resource] /
_cRobert Shackleton
260 _bProject Gutenberg,
_c2011
506 _aPublic domain in the USA.
516 _aElectronic text
830 0 _aProject Gutenberg
_v36917
856 4 0 _uhttp://www.gutenberg.org/ebooks/36917
942 _cEB
999 _c266172
_d266172